Welká Sstěpná Zahrada, neb mraucnéKatocké Modlitby na ssestnáct Djlů rozwržené, ...

Bibliographic Details
Format: Book
Language:English
Published: Uherská Skalica Jossef Antonjn Sskarnycl 1784

MARC

LEADER 00000nam a2200000 a 4500
001 vtls010357364
003 SK-MaSNL
005 20260224082228.0
008 120516 000 0 eng
040 |a SNK  |b slo  |c SNK  |e AACR2 
245 1 |a Welká Sstěpná Zahrada, neb mraucnéKatocké Modlitby na ssestnáct Djlů rozwržené, ... 
260 |a Uherská Skalica  |b Jossef Antonjn Sskarnycl  |c 1784 
300 |a 778 s. 
999 |c 923213  |d 925143 
952 |a SNK  |b SNK  |y PREZ  |7 0  |p 17A0957893  |o snkSD 43627  |8 3  |3 rekatalogizácia  |0 0  |1 0  |4 0  |d 2012-05-16  |l 0  |r 2026-02-24 08:22:28  |w 2026-02-24